Religion Quiz

Random Religion or Bible Quiz
Score 0/20 Timer 06:00
1 Play Today
Situation WDJD % Correct
At the age of 12, he stays behind in Jerusalem to???
89.4%
Lazarus falls sick and then dies while Jesus is away???
88.3%
At a wedding, the hosts run out of wine ???
86.2%
The disciples doubt that he has really been resurrected???
83.9%
The disciples prepare a passover meal to eat with him???
81.8%
In the wilderness he is to be tempted by the Devil???
81.6%
After his arrest, the high priest asks 'Are You the Christ?'???
79.5%
His disciples are on a ship in the midst of the sea???
79.3%
Walking, two blind men follow him, crying???
78.9%
A crowd of 5,000 comes to hear him speak???
78.6%
Situation WDJD % Correct
In the temple, Jesus finds the moneychangers???
78.5%
Before Passover an evening meal is served???
78.1%
Zacchaeus, a tax collector, invites Jesus to his home???
73.6%
Peter asks Jesus how many times he should forgive???
71.5%
In Peter's house, his mother-in-law is sick with a fever???
68.7%
On a boat, buffeted by a storm, his disciples wake him???
66.1%
At Levi's house, tax collectors and sinners approach???
64.5%
Together with his disciples he comes to Gethsemane???
62.7%
Jesus approaches Jerusalem at the Mount of Olives???
56.5%
Simon Peter tells Jesus that he is the living Son of God???
45%
Remove Ads.
Support Sporcle.
Get the best of Sporcle when you Go Orange. This ad-free experience offers more features, more stats, and more fun while also helping to support Sporcle. Thank you for becoming a member.

You're not logged in!

Compare scores with friends on all Sporcle quizzes.
OR
Log In

Show Comments

Extras

Top Quizzes Today


Score Distribution

Your Account Isn't Verified!

In order to create a playlist on Sporcle, you need to verify the email address you used during registration. Go to your Sporcle Settings to finish the process.

Report this User

Report this user for behavior that violates our Community Guidelines.

Details: